000
00268nam a2200109Ia 4500
008
191201s2019 xx 000 0 und d
100
_a
BRADY, P R
245
0
_a
Finishing and Wool Fabric Properties
260
_a
N.Delhi
_b
CSIRO
650
_a
B.Tech(TE)
942
_2
ddc
_c
BK
999
_c
3397
_d
3397